La vida de los mayas (Record no. 10235)

MARC details
000 -CABECERA
campo de control de longitud fija 00843nam a2200265 a 4500
001 - NÚMERO DE CONTROL
campo de control BRL_1425
005 - FECHA Y HORA DE LA ÚLTIMA TRANSACCIÓN
campo de control 20190320211210.0
008 - DATOS DE LONGITUD FIJA--INFORMACIÓN GENERAL
campo de control de longitud fija 140114s1944----mx-ae#####---#000-0dspa-#
041 ## - CÓDIGO DE LENGUA
Código de lengua del texto/banda sonora o título independiente spa
044 ## - CÓDIGO DEL PAÍS DE LA ENTIDAD EDITORA/PRODUCTORA
Código MARC del país mx
050 #4 - SIGNATURA TOPOGRÁFICA DE LA BIBLIOTECA DEL CONGRESO
Número de clasificación F1435
-- .B56 1944
100 1# - ENTRADA PRINCIPAL--NOMBRE DE PERSONA
Nombre de persona Blom, Frans Ferdinand
Fechas asociadas al nombre 1893-1963
9 (RLIN) 26786
245 10 - MENCIÓN DE TÍTULO
Título La vida de los mayas
Mención de responsabilidad, etc. por Blom Frans.
260 ## - PUBLICACIÓN, DISTRIBUCIÓN, ETC.
Lugar de publicación, distribución, etc. México
Nombre del editor, distribuidor, etc. Secretaría de Educación Pública
Fecha de publicación, distribución, etc. 1944
300 ## - DESCRIPCIÓN FÍSICA
Extensión 90 p.
Otras características físicas il.
Dimensiones 20 cm.
440 #0 - MENCIÓN DE SERIE/PUNTO DE ACCESO ADICIONAL--TÍTULO
Título Biblioteca enciclopédica popular
Designación de volumen o secuencia 25
9 (RLIN) 26868
500 ## - NOTA GENERAL
Nota general ej.1 Au1693, ej.2 Au1700
500 ## - NOTA GENERAL
Nota general La biblioteca cuenta con 2 ejemplares
500 ## - NOTA GENERAL
Nota general Estado físico: Ej.2 encuadernado, agosto 2014
504 ## - NOTA DE BIBLIOGRAFÍA, ETC.
Nota de bibliografía, etc. Bibliografía: p. [83]-90.
650 14 - PUNTO DE ACCESO ADICIONAL DE MATERIA--TÉRMINO DE MATERIA
Término de materia o nombre geográfico como elemento de entrada Mayas
Subdivisión general Vida social y costumbre
9 (RLIN) 26869
650 14 - PUNTO DE ACCESO ADICIONAL DE MATERIA--TÉRMINO DE MATERIA
Término de materia o nombre geográfico como elemento de entrada Mayas
Subdivisión general Antigüedades
9 (RLIN) 9555
902 ## - CATALOGADOR
Iniciales GRL
942 ## - ELEMENTOS DE PUNTO DE ACCESO ADICIONAL (KOHA)
Fuente del sistema de clasificación o colocación Library of Congress Classification
Tipo de ítem Koha Libros
Holdings
Estado de retiro Estado de pérdida Estado dañado No para préstamo Localización permanente Ubicación/localización actual Fecha de adquisición Total de préstamos Signatura topográfica completa Código de barras Fecha visto por última vez Precio válido a partir de Tipo de ítem Koha
El ejemplar forma parte de la colección y puede ser consultado según las políticas vigentes.       Biblioteca Centro de Estudios Ruth D. Lechuga Biblioteca Centro de Estudios Ruth D. Lechuga 14/01/2014   F1435 .B56 1944 GRL01585 22/03/2019 22/03/2019 Libros
El ejemplar forma parte de la colección y puede ser consultado según las políticas vigentes.       Biblioteca Centro de Estudios Ruth D. Lechuga Biblioteca Centro de Estudios Ruth D. Lechuga 08/12/2015   F1435 .B56 1944 GRL01586 22/03/2019 22/03/2019 Libros